000
00340 a2200157 4500
001
69271
020
_a
8530502035
040
_c
Anchieta - Itaigara
100
_a
Carrasco, Walcyr
240
1
0
_a
As asas do Joel
_l
por
245
1
0
_a
As asas do Joel
300
_a
63
362
0
_a
1998
650
4
_a
Literatura infanto-juvenil
942
_c
BK
999
_c
69271
_d
69271